000 00997nam0a22002651 4500
001 rc\3053978
005 20250806202416.0
035 _a(NLR Aleph) 007193266
090 _a47023
_c47023
100 _a20111011d1942 u y0rusy50 ca
101 0 _arus
102 _aRU
105 _aa z |||||
200 1 _aНаставление артиллерии Красной Армии
_eБоевое применение и правила стрельбы 45-мм артиллерии 1941 г.
_fГл. артил. упр. Красной Армии
210 _a[Ленинград]
_cЛениздат
_d1942
215 _a204 с.
_cил., черт.
_d17 см
740 1 _aСССР
_bВоенные уставы и наставления
_3RU\NLR\AUTH\8810020873
801 0 _aRU
_bNLR
_gpsbo
801 1 _aRU
_bELAR
_2rusmarc
852 _aNLR
_jВ60 Г-1/158
942 _cBOOK
945 _aРоссийская национальная библиотека
980 _aNB
980 _aBV